famille des arbres / plantes - Statistiques

Statistiques générales
  • Ce quiz a été pris 27 fois
  • Le résultat moyen est 9 sur 15
Statistiques - réponses
nom français nom latin famille % Correct
Fragon Ruscus aculeatus Asparagaceae
100%
Cornouiller sanguin Cornus sanguinea Cornaceae
100%
Châtaignier Castanea sativa Fagaceae
100%
Chêne pédonculé Quercus robur Fagaceae
100%
Chêne rouge d'Amérique Quercus rubra Fagaceae
100%
Chêne sessile Quercus petraea Fagaceae
100%
Hêtre Fagus sylvatica Fagaceae
100%
Bouleau pubescent Betula pubescens Bétulacées
100%
Bouleau verruqueux Betula pendula Bétulacées
100%
Charme Carpinus betulus Bétulacées
100%
Buis Buxus sempervirens Buxacées
100%
Alisier blanc Aria edulis Rosacées
100%
Alisier torminal Torminalis glaberrima Rosacées
100%
Aubépine commune laevigata Rosacées
100%
Noyer commun Juglans regia Juglandaceae
100%
Tilleul à feuilles cordées Tilia cordata Malvaceae
100%
Douglas Pseudotsuga menziesii pinaceae
100%
Epicéa commun Picea abies pinaceae
100%
Epicéa de Sitka Picea sitchensis pinaceae
100%
Mélèze du Japon Larix kaempferi pinaceae
100%
Pin sylvestre Pinus sylvestris pinaceae
100%
Pin weymouth Pinus strobus pinaceae
100%
Pin cembro Pinus cembra pinaceae
100%
Pin d'Alep Pinus halepensis pinaceae
100%
Pin laricio de Calabre Pinus nigra laricio calabria pinaceae
100%
Pin noir d'Autriche Pinus nigra pinaceae
100%
Framboisier Rubus idaeus Rosacées
100%
Merisier Prunus avium Rosacées
100%
Néflier Crataegus germanica Rosacées
100%
Poirier commun Pyrus communis Rosacées
100%
Pommier sauvage Malus sylvestris Rosacées
100%
Prunellier Prunus spinosa Rosacées
100%
Ronce des bois Rubus silvaticus Rosacées
100%
Rosier des champs Rosa arvensis Rosacées
100%
Peuplier blanc Populus alba Salicaceae
100%
Saule blanc Salix alba Salicaceae
100%
Erable champêtre Acer campestre Sapindaceae
100%
Erable plane Acer platanoides Sapindaceae
100%
Orme des montagnes Ulmus glabra Ulmaceae
100%
Saule cendré Salix cinerea Salicaceae
80%
Genêt poilu Genista pilosa Fabaceae
75%
Rosier des chiens Rosa canina Rosacées
75%
Coudrier Corylus avellana Betulaceae
67%
Chêne des marais Quercus palustris Fagaceae
67%
Chêne pubescent Quercus pubescens Fagaceae
67%
Groseillier à maquereau Ribes uva-crispa Grossulariaceae
67%
Frêne commun Fraxinus excelsior Oleaceae
67%
Pin laricio de Corse Pinus nigra Laricio corsicana pinaceae
67%
If commun Taxusbaccata Taxaceae
67%
Erable à feuilles d'obier Acer opalus Sapindaceae
60%
Houx commun Ilex aquifolium Aquifoliaceae
50%
Lierre commun Hedera helix Araliaceae
50%
Chèvrefeuilledes Alpes Lonicera alpigena Caprifoliaceae
50%
Fusain d'Europe Euonymus europaeus Celastraceae
50%
Thuya géant Thuja plicata Cupressaceae
50%
Callune Calluna vulgaris Ericaceae
50%
Ajonc d'Europe Ulex europaeus Fabaceae
50%
Cytise Cytisus decumbens Fabaceae
50%
Robinier faux-acacia Robinia pseudoacacia Fabaceae
50%
Cerisier de Sainte Lucie Prunus mahaleb Rosacées
50%
Troène Ligustrum vulgare Oleaceae
50%
Pin à crochets Pinus uncinata pinaceae
50%
Sapin de Nordmann Abies nordmanniana pinaceae
50%
Clématite vigne blanche Clematis vitalba Ranunculaceae
50%
Nerprun des Alpes Rhamnus alpina Rhamnaceae
50%
Saule à oreillettes Salix aurita Salicaceae
50%
Erable à feuilles de frêne Acer negundo Sapindaceae
50%
Cyprès de Lawson Chamaecyparis lawsoniana Cupressaceae
33%
Séquoia géant Sequoiadendron giganteum Cupressaceae
33%
Coronille arbrisseau Hippocrepis emerus Fabaceae
33%
Cormier Cormus domestica Rosacées
33%
Sapin de Vancouver Abies grandis pinaceae
33%
Peuplier hybride Populus Salicaceae
33%
Gui Viscum album Viscaceae
33%
Chèvrefeuille des bois Lonicera periclymenum Caprifoliaceae
25%
Tilleul à grandes feuilles Tilia platyphyllos Malvaceae
25%
Sureau à grappes Sambucus racemosa Viburnaceae
25%
Viorne lantane Viburnum lantana Viburnaceae
25%
Liquidambar Liquidambar styraciflua Altingiaceae
0%
Epine-vinette Berberis vulgaris Berberidaceae
0%
Aulne glutineux Alnus glutinosa Betulaceae
0%
Camerisier noir Lonicera nigra Caprifoliaceae
0%
Cornouiller mâle Cornus mas Cornaceae
0%
Cyprès chauve Taxodium distichum Cupressaceae
0%
Genévrier commun Juniperus communis Cupressaceae
0%
Séquoia toujours vert Sequoia sempervirens Cupressaceae
0%
Myrtille Vaccinium myrtillus Ericaceae
0%
Genêt à balai Cytisus scoparius Fabaceae
0%
Camerisier à balai Lonicera xylosteum Caprifoliacées
0%
Bourdaine Frangula alnus Rhamnacées
0%
Amélanchier à feuilles ovales Amelanchier ovalis Rosacées
0%
Aubépine monogyne Crataegus monogyna Rosacées
0%
Cerisier à grappes Prunus padus Rosacées
0%
Groseillier des Alpes Ribes alpinum Grossulariaceae
0%
Groseillier rouge Ribes rubrum Grossulariaceae
0%
Noyer noir Juglans nigra Juglandaceae
0%
Tulipier de Virginie Liriodendron tulipifera Magnoliaceae
0%
Frêne oxyphylle Fraxinus angustifolia Oleaceae
0%
Cèdre de l'Atlas cedrus atlantica pinaceae
0%
Mélèze d'Europe Larix decidua pinaceae
0%
Sapin pectiné Abies alba pinaceae
0%
Nerprun purgatif Rhamnus cathartica Rhamnaceae
0%
Ronce à feuilles d'orme Rubus ulmifolius Rosacées
0%
Ronce bleuâtre Rubus caesius Rosacées
0%
Sorbier des oiseleurs Sorbus aucuparia Rosacées
0%
Peuplier noir Populus nigra Salicaceae
0%
Saule marsault Salix caprea Salicaceae
0%
Saule pourpre Salix purpurea Salicaceae
0%
Tremble Populus tremula Salicaceae
0%
Erable sycomore Acer pseudoplatanus Sapindaceae
0%
Marronnier d'Inde Aesculus hippocastanum Sapindaceae
0%
Bois joli Daphne mezereum Thymelaeaceae
0%
Lauréole Daphne laureola Thymelaeaceae
0%
Orme champêtre Ulmus minor Ulmaceae
0%
Sureau noir Sambucus nigra Viburnaceae
0%
Viorne obier Viburnum opulus Viburnaceae
0%
Aucun quiz correspondant
Distribution des résultats
% des personnes avec chaque résultat
Percentile par nombre de réponses
Votre historique - résultats
Vous n’avez pas pris ce quiz